Tennis - Joueurs ayant été finaliste des 4 tournois du Grand Chelem - Statistiques

Statistiques générales
  • Ce quiz a été pris 140 fois
  • Le résultat moyen est 5 sur 12
Answers on the Grid
Answers color-coded by a green-red scale on the quiz's grid according to % correct below.
Rod Laver
Ken Rosewall
Ivan Lendl
Stefan Edberg
Jim Courier
Andre Agassi
Roger Federer
Rafael Nadal
Novak Djokovic
Andy Murray
Jannik Sinner
Carlos Alcaraz
Jimmy Connors
Bjorn Borg
Pete Sampras
Boris Becker
John McEnroe
Stan Wawrinka
Marin Cilic
Mats Wilander
Dominic Thiem
Ilie Nastase
Guillermo Vilas
John Newcombe
 
Statistiques - réponses
Réponse % Correct
Rafael Nadal
71%
Carlos Alcaraz
70%
Novak Djokovic
69%
Roger Federer
69%
Jannik Sinner
58%
Andy Murray
37%
Andre Agassi
33%
Rod Laver
16%
Ivan Lendl
14%
Jim Courier
8%
Stefan Edberg
8%
Ken Rosewall
5%
Aucun quiz correspondant
Distribution des résultats
% des personnes avec chaque résultat
Percentile par nombre de réponses
Votre historique - résultats
Vous n’avez pas pris ce quiz